Estudio a nivel de factibilidad de un sistema de abastecimiento de agua potable en la Comunidad La Golondrina, San José de Bocay, Jinotega
Presenta un estudio de factibilidad de la construcción del sistema de abastecimiento de agua potable de la comunidad La Golondrina, San José de Bocay, Jinotega, el cual está destinado a abastecer a un grupo de 341 habitantes, con 64 viviendas, 1 escuela, 3 iglesias, puestos de Policía.
| Main Authors: | , |
|---|---|
| Other Authors: | |
| Format: | Tesis Section = Libro |
| Language: | Undetermined Spanish |
| Published: |
Managua
UNI
2016
|
| Subjects: |
| LEADER | 01189nam a2200265Ia 4500 | ||
|---|---|---|---|
| 008 | 240830s9999 xx 000 0 und d | ||
| 040 | |a BIBLIOTECA-RUPAP Mon 628.72 G984 | ||
| 041 | |a spa | ||
| 082 | |a Mon 628.72 G984 | ||
| 100 | 1 | |a Gutiérrez Sandoval, Ruth Vanessa | |
| 100 | 1 | |b Romano Ordeñana, Ovoschka Edwina | |
| 245 | 1 | 0 | |a Estudio a nivel de factibilidad de un sistema de abastecimiento de agua potable en la Comunidad La Golondrina, San José de Bocay, Jinotega |
| 260 | |a Managua |b UNI |c 2016 | ||
| 300 | |a 149 p. :il. | ||
| 500 | |a Contiene: anexos y CD. | ||
| 502 | |a Tesis (Ingeniero Civil)- UNI, 2016. | ||
| 520 | 3 | |a Presenta un estudio de factibilidad de la construcción del sistema de abastecimiento de agua potable de la comunidad La Golondrina, San José de Bocay, Jinotega, el cual está destinado a abastecer a un grupo de 341 habitantes, con 64 viviendas, 1 escuela, 3 iglesias, puestos de Policía. | |
| 650 | 7 | |a ABASTECIMIENTO DE AGUA POTABLE | |
| 650 | 7 | |b CALIDAD DEL AGUA | |
| 650 | 7 | |c DISEÑO HIDRAULICO | |
| 650 | 7 | |d TRATAMIENTO DE AGUA POTABLE | |
| 700 | 1 | |a Tutor: |b Moncada Castillo, Ajax Santiago | |
| 942 | |c BK |2 ddc | ||
| 991 | |a TESIS | ||
| 999 | |c 16504 | ||